000
00345nam a22001577a 4500
999
_c
478746
_d
478746
003
NUST
005
20180713051706.0
008
180713b ||||| |||| 00| 0 eng d
038
_a
0
082
_a
302.23
100
_4
Zerwa Mobeen
245
_a
Massi (The Unherad)
260
_a
Islamabad
_b
NUST
_c
2018
300
_a
43p
942
_2
ddc
_c
THE